000
00218 a2200097 4500
001
18197
100
_a
Jahan, R
245
_a
Pakistan faiture in national integration
260
_a
_b
Columbia
_c
090
_c
13491
_d
13491
942
_a
NUST-CAE
_c
M
_c
3882
999
_c
253270
_d
253270